Yellowstone National Park Quiz - Statistics

General Stats
  • This quiz has been taken 154 times
  • The average score is 10 of 15
Answer Stats
TypeHint Hint Answer % Correct
Other Most famous geyser in the park Old Faithful
98%
Yellowstone Fauna Large herbivore, featured on the National Park Service logo Bison
90%
States the park is in Montana
87%
Yellowstone Fauna Canid reintroduced to the park in the 1990s Wolf
87%
States the park is in Wyoming
87%
States the park is in Idaho
86%
Other Yellowstone is connected to which other park via the John D. Rockefeller Memorial Parkway? Grand Teton
85%
Yellowstone Fauna Non-native species of freshwater salmonid Rainbow {trout}
83%
Yellowstone Fauna Most populous large mammal in the park Elk
74%
Yellowstone Fauna Native cat not seen in the park since 1998, though tracks were spotted in 2003 Lynx
62%
Other Average interval between eruptions of the above, in minutes 90
57%
Other President in 1872 who signed the park into law Ulysses S. Grant
56%
Other Largest active geyser in the world Steamboat
24%
Other Famous Nez Perce leader whose band was pursued through the park by the US army as it drove them from their lands Chief Joseph
21%
Other Fill in this quote from the above: "My heart is sick and sad. From where the sun now stands I will {fight} {no} {more} forever"
12%
No matching quizzes found
Score Distribution
Percent of People with Each Score
Percentile by Number Answered
Your Score History
You have not taken this quiz